000 00482nam a22001577a 4500
003 SGT
020 _a9788190840613
082 _a531,JAI
100 _a VIMAL KUMAR JAIN
245 _aCLASSICAL MECHANICS
260 _aNEW DELHI
_bANE BOOKS PVT. LTD
_c2015
300 _a284
650 _aCLASSICAL MECHANICS
653 _aINTRODUCTION TO PARTICLE DYNAMICS, LAGRANGIAN FORMULATION, HAMILTON'S EQUATIONS,SYMMETRY AND CONSERVATION LAWS, SMALL OSCILLATION,
942 _2ddc
_cFPS
999 _c9301
_d9301